An introduction to support vector machines: and other kernel-based learning methods

Uloženo v:
Podrobná bibliografie
Hlavní autoři: Cristianini, Nello (Autor), Shawe-Taylor, John (Autor)
Médium: Kniha
Jazyk:angličtina
Vydáno: Cambridge University of Cambridge 2002
Vydání:3a. ed
Témata:
Tagy: Přidat tag
Žádné tagy, Buďte první, kdo vytvoří štítek k tomuto záznamu!

MARC

LEADER 00000nam a2200000 a 4500
001 UCL2653
003 CL-VaPUC
008 031031e20020000uk |||||||||||||||||eng|d
020 |a 0521780195 
082 0 4 |a 006.31  |b CRI  |2 21 
100 0 |a Cristianini, Nello  |e author  |9 479767 
700 0 |a Shawe-Taylor, John  |e author  |9 479768 
245 1 3 |a An introduction to support vector machines: and other kernel-based learning methods 
250 |a 3a. ed 
300 |a 189 p 
942 |c BK 
945 |d 20031031 00:00:00  |a cmena 
260 |a Cambridge  |b University of Cambridge  |c 2002 
650 7 |a MAQUINAS DE ENSEÑAR  |2 CL-VaPUC  |9 308948 
650 7 |a ENSEÑANZA PROGRAMADA  |2 CL-VaPUC  |9 263217 
650 0 |a Algoritmos   |9 260639 
650 0 |a Programación de computadores   |9 259531 
650 0 |a Métodos de enseñanza  |9 270413 
583 |a last modification  |c 20171220 05:55:34  |k Rodrigo Vera 
999 |c 305905  |d 305903 
952 |0 0  |1 0  |4 0  |6 006_310000000000000_CRI_2002  |7 0  |8 A  |9 370462  |a FDOPOS  |b FDOPOS  |d 2019-11-21  |i 395871K  |o 006.31 CRI 2002  |p 395871K  |r 2025-01-22  |w 2019-11-21  |y BK  |k MLA 
952 |0 0  |1 0  |4 0  |6 006_310000000000000_CRI_2002  |7 0  |8 A  |9 370463  |a FDOPOS  |b FDOPOS  |d 2019-11-21  |i 4089758  |o 006.31 CRI 2002  |p 4089758  |r 2025-01-22  |w 2019-11-21  |y BK  |k MLA